000 00492nam a2200169Ia 4500
999 _c13418
_d13418
003 OSt
005 20201125143000.0
008 190216s9999||||xx |||||||||||||| ||und||
040 _coclc
082 _a822.3
_bJON/E
100 _aJonson, Benjamin
_95127
245 0 _aEvery Man In His Humour /
_cBenjamin Jonson
260 _bUniversity Tutorial Prss Ltd,
_c1965.
_adelhi:
300 _a179p
650 _aEnglish Drama
942 _cBK
_2ddc
_h822.3
_iJON/E
_k822.3
_mJON/E